Регионална библиотека "Любен Каравелов" - Русе

Кап (Запис номер 78712)

MARC детайли
000 -Лидер
Контролно поле с фиксирана дължина 01042nam a2200313 c 4500
003 - Код на организацията, давaща контролен номер
Контролно поле BLK
005 - Дата и час на последна редакция
Контролно поле 20180420224406.0
008 - Елементи от данни с фиксирана дължина
fixed length control field 180408b bul|||||r ||||||| ||bul||
010 ## - Наследен системен номер
LC control number KNG00083178000
020 ## - Международен стандартен номер на книга ISBN
Международен стандартен номер на книга ISBN 978-954-9857-03-0
-- издат.: Арс
040 ## - Източник на каталожния запис
Идентификатор на билиотеката - собственик на записа BLK
041 ## - Код за език
Код за езика на текст/звукозапис или на отделно заглавие Български
Код за езика КДБФ Български
080 ## - УДК
Текстов определител УДК Българска литература
УДК код - определител по УДК 821.163.2
УДК определител -193
УДК - код + определител 821.163.2-193
100 1# - Редна дума - Автор
Автор Дишев, Валентин Диков
Авторска отговорност първи автор
R(LIN) 298851
139 ## - Редно поле
Редна дума Дишев, Валентин Диков
Авторски знак Дич - Д 64
245 10 - Сведения за заглавието
Заглавие Кап
Подзаглавни данни Погледи
Редно поле (дума) Валентин Диков Дишев.
257 ## - Страна на издаване
Страна на създаване/издаване България
260 ## - Област на издателските данни
-- Благоевград
Име на издателя, разпространителя и проч. Арс
Година на издаване 2007
300 ## - Физическа характеристика
Страници 55 с.
Размери/Мащаб 15 см
380 ## - Жанр
Жанр Худож. лит.
490 1# - СЕРИИ (Колекции)
Име на серия Библиотека Глоси
500 ## - Общи забележки
Забележка Кор. загл. Капища. - 300 тир.
653 ## - Ключова дума – ненормативна
Ключова дума стихотворения
852 ## - Местоположение
Форматна сигнатура Цб І 32997
856 4# - Електронен адрес и достъп
Електронен формат pdf - файл
Път до файла /url/
856 4# - Електронен адрес и достъп
Електронен формат pdf - файл
Път до файла /url/
942 ## - АРТИКУЛИ
Вид на библиотечния материал Книги
Скрит в OPAC Не
944 ## - СЪЗДАВАНЕ И РЕДАКЦИЯ на ЗАПИСА
Създаване/Редакция Създаване
Дата на регистрацията/редакция 15.04.2008
Служител, извършил регистрацията/редакцията Людмила_Стоянова
944 ## - СЪЗДАВАНЕ И РЕДАКЦИЯ на ЗАПИСА
Създаване/Редакция Редакция
Дата на регистрацията/редакция 03.06.2008
Служител, извършил регистрацията/редакцията
999 ## - СИСТЕМНИ КОНТРОЛНИ НОМЕРА
Koha biblionumber 78712
Koha biblioitemnumber 78712
Наличности
Код за отписване Код за изгубен артикул Код за повреда Коз за рестрикции Код за отдаване Артикулен № Име на библиотеката - собственик Име на библиотеката, в която се намира в момента Статус (Текущо местоположение) Дата на вписване в системата Местоположение - отдел Цена в лева Инвентарен номер Систематично азбучна сигнатура Баркод Номер на екземпляра Цена в евро Служебна бележка Служебен тип на артикула
  Не е изгубен Не е повреден без рестрикции ползва се в читалня 127344 Регионална библиотека "Любен Каравелов" Русе Регионална библиотека "Любен Каравелов" Русе Хранилище 2008-04-16 Хранилище 3.50 120000725535 Цб І 32997 120000725535 1 1.79 Дост: Dp Вид: Д N: 10 Дата: 06.02.2008 Книги
Vip Innovations Ltd, Rousse, Bulgaria 2025